00580nam a2200193Ia 4500008004100000041001200041082001100053100005200064245005600116260003600172300000800208365000700216520001300223546001200236630005600248650001300304655001300317730005600330101110s9999 xx 000 0 und d aENGLISH bJR4913 aPawar S.T., Dave R.N., Joshi C.M. & Gandhi C.V. aA text book of book-keeping and accountancy Std. XI c2006bDhairya Prakashan, Mumbai a342 b58 aCommerce aENGLISH aA text book of book-keeping and accountancy Std. XI aCommerce aCommerce aA text book of book-keeping and accountancy Std. XI